| 000 | 00895nam a2200241 a 4500 | ||
|---|---|---|---|
| 001 | BRCA_6040 | ||
| 005 | 20190321142927.0 | ||
| 008 | 120511s1931----gw-a######---#000-0#ger-# | ||
| 041 | _ager | ||
| 044 | _agw | ||
| 050 | 4 | _b.H36 1931 | |
| 245 | 1 | 0 | _aHandzeichnungen alter Meister des XVI bis XVIII Jahrhunderts aus den Beständen der Eremitage in Leningrad und anderer staatlicher sammlungen der Sowjet-Union. |
| 260 |
_aLeipzig _bC. G. Boerner _c1931 |
||
| 300 |
_a51 p. _bil., 25 láminas _c30 cm. _esuplemento, 3 p. |
||
| 500 | _aCatálogo de la subasta No. 171 | ||
| 500 | _aEstado físico: algunas láminas sueltas | ||
| 500 | _aCatálogo de subasta inventariado por Banco de México como libro | ||
| 500 | _aCA5 | ||
| 610 | 2 | 4 |
_aMuseo del Ermitage (Rusia) _vCatálogos _xDibujos _915237 |
| 650 | 1 | 4 |
_aColecciones privadas _vCatálogos _xDibujos _915238 |
| 902 | _aGFM | ||
| 942 |
_2lcc _cB |
||
| 999 |
_c5728 _d5728 |
||